[Event "7th Sharjah Challengers"]
[Site "Sharjah UAE"]
[Date "2024.05.22"]
[Round "9.8"]
[White "Liyanage, Ranindu Dilshan"]
[Black "Wang, Yanbin"]
[Result "0-1"]
[WhiteTitle "IM"]
[WhiteElo "2362"]
[BlackElo "2415"]
[WhiteFideId "9915834"]
[BlackFideId "8617996"]
[EventDate "2024.05.14"]

1. d4 Nf6 2. Nc3 d5 3. Bf4 a6 4. e3 e6 5. g4 h6 6. Qf3 b5 7. h4 b4 8. Nce2 c5 9.
Ng3 Bb7 10. g5 Ne4 11. gxh6 gxh6 12. Nxe4 dxe4 13. Qg3 Nd7 14. dxc5 Qf6 15. Rd1
Qxb2 16. Ne2 Bxc5 17. Bh3 Bd5 18. Rg1 Bc4 19. Bd6 O-O-O 20. Bf1 Bb6 21. Qg7 Qxg7
22. Rxg7 Ba5 23. Rd4 b3+ 24. Kd1 b2 25. Rxc4+ Kb7 26. Nc3 Bxc3 0-1

[Event "7th Sharjah Challengers"]
[Site "Sharjah UAE"]
[Date "2024.05.22"]
[Round "9.10"]
[White "Ammar, Sedrani"]
[Black "Harsh, Suresh"]
[Result "0-1"]
[WhiteTitle "FM"]
[BlackTitle "IM"]
[WhiteElo "2194"]
[BlackElo "2417"]
[WhiteFideId "9312331"]
[BlackFideId "45018464"]
[EventDate "2024.05.14"]

1. d4 Nf6 2. c4 c5 3. d5 e6 4. g3 d6 5. Bg2 exd5 6. cxd5 g6 7. Nc3 Bg7 8. Nf3
O-O 9. O-O Re8 10. Nd2 Nbd7 11. h3 a6 12. a4 b6 13. Nc4 Ne5 14. Na3 Rb8 15. Kh2
Re7 16. f4 Ned7 17. Qd3 Ne8 18. Bd2 Nc7 19. e4 Re8 20. Rfe1 Nf8 21. Bf1 h5 22.
Qf3 h4 23. Bd3 b5 24. axb5 axb5 25. Naxb5 Nxb5 26. Nxb5 Qd7 27. Qf1 hxg3+ 28.
Kxg3 Bxb2 29. Ra7 Rb7 30. Rxb7 Bxb7 31. Rb1 Bg7 32. Nxd6 Qxd6 33. Rxb7 Nh7 34.
Qb1 Nf6 35. Rb6 Qd8 36. Qb5 c4 37. Bc2 c3 38. Bc1 Kh7 39. Kf3 Qc8 40. Qf1 Qd8
41. Rb5 Qd7 42. Be3 Ra8 43. Bd3 Ra2 44. Bc4 Ra1 45. Qxa1 Qxh3+ 46. Ke2 Qg2+ 47.
Ke1 Ng4 48. Qc1 Qxe4 49. Bf1 Nxe3 50. Kf2 Qxf4+ 51. Ke2 Qg4+ 52. Kd3 Qd4+ 53.
Ke2 c2 54. Qd2 Qc4+ 0-1

[Event "7th Sharjah Challengers"]
[Site "Sharjah UAE"]
[Date "2024.05.22"]
[Round "9.11"]
[White "Pang, Tao"]
[Black "Kanter, Eduard"]
[Result "1-0"]
[WhiteTitle "IM"]
[BlackTitle "IM"]
[WhiteElo "2496"]
[BlackElo "2344"]
[WhiteFideId "8609950"]
[BlackFideId "4103963"]
[EventDate "2024.05.14"]

1. d4 d5 2. c4 e6 3. Nc3 Nf6 4. Bg5 Be7 5. e3 h6 6. Bh4 O-O 7. Nf3 Nbd7 8. Rc1
c5 9. dxc5 dxc4 10. Bxc4 Nxc5 11. O-O a6 12. Be2 Qb6 13. Ne5 Rd8 14. Qc2 Bd7 15.
Bg3 Rac8 16. Nc4 Qa7 17. b4 b5 18. Bd6 Be8 19. Nb6 Rc6 20. Bxc5 Bxc5 21. Nxb5
axb5 22. bxc5 Qa5 23. Bf3 Rc7 24. Rfd1 Rxd1+ 25. Rxd1 b4 26. Rc1 Bc6 27. Nc4 Qa8
28. Bxc6 Qxc6 29. Na5 Qb5 30. Nb3 Nd5 31. Nd4 Qa5 32. Nb3 Qa6 33. Rd1 Rc8 34.
Rd4 Qa3 35. c6 g6 36. Rc4 Nc3 37. c7 Qa6 38. Rc5 Qd6 39. a3 Nd5 40. e4 Nxc7 41.
Rc6 Qd7 42. axb4 Rd8 43. g3 Nb5 44. Kg2 h5 45. Rc5 Nd4 46. Nxd4 Qxd4 47. Rc4 Qd7
48. h4 Qb7 49. Qc3 Re8 50. Qe5 Rb8 51. b5 Qd7 1-0